Tiếng chim hót trong bụi mận gai = The thorn birds: Tiểu thuyết

Guardat en:
Dades bibliogràfiques
Autor principal: Măccalâu, Côllin
Format: Llibre
Idioma:Undetermined
Publicat: Hà Nội Văn Học 2004
Matèries:
Etiquetes: Afegir etiqueta
Sense etiquetes, Sigues el primer a etiquetar aquest registre!
Thư viện lưu trữ: Trung tâm Học liệu Trường Đại học Cần Thơ
LEADER 00654nam a2200217Ia 4500
001 CTU_73973
008 210402s9999 xx 000 0 und d
020 |b 50000 
082 |a 891.7 
082 |b M122/T.1 
100 |a Măccalâu, Côllin 
245 0 |a Tiếng chim hót trong bụi mận gai = 
245 4 |b The thorn birds: Tiểu thuyết 
245 0 |c Côllin Măccalâu; Phạm Mạnh Hùng dịch 
260 |a Hà Nội 
260 |b Văn Học 
260 |c 2004 
650 |a Russian fiction 
650 |y 20th century ( vietnamese ) 
904 |i Mai Loan 
980 |a Trung tâm Học liệu Trường Đại học Cần Thơ